00194nam a2200073 a 450000500170000000800410001705000180005824500440007620140414093830.0970101s19uu xx 00 eng d aVHS 900bR 18 aCoast to coast New Zealand video tours.